KOHA-Header-6

Economy Of Pakistan (Record no. 8591)

000 -LEADER
fixed length control field 00265nam a2200109Ia 4500
100 ## - MAIN ENTRY--AUTHOR NAME
Personal name Khawja Amjad Saeed
245 #0 - TITLE STATEMENT
Title Economy Of Pakistan
260 ## - PUBLICATION, DISTRIBUTION, ETC. (IMPRINT)
Place of publication Lahore
Name of publisher World Scientific
Year of publication 2000
300 ## - PHYSICAL DESCRIPTION
Number of Pages 321
942 ## - ADDED ENTRY ELEMENTS (KOHA)
Koha item type Books
Holdings
Withdrawn status Lost status Collection code Permanent Location Current Location Shelving location Date acquired Full call number Accession Number Koha item type
    Economics MAJU MAJU Shelf No.A48 2019-09-14 330.2 3424 Economics

Powered by Koha